000 00331nam a2200145Ia 4500
999 _c14055
_d14055
003 OSt
005 20260318153929.0
008 260210s9999 xx 000 0 und d
020 _a9788499366999
100 _a Ralph Daab
245 0 _aHigh On... Bathroom design
260 _bLOFT PUB 2021
260 _c2021
942 _cBDES
_2ddc